000 01942nam0a2200373 4500
001 RU\NLR\bibl\1651823
005 20260405203720.0
010 _a978-5-7253-2123-4
_9500
021 _aRU
_b2010-40311
_92700
035 _a(nilc)RSL-KNO-004652837
035 _a(NLR Aleph) 001643142
090 _a874695
_c874695
100 _a20100531d2010 |||y0rusy50 ca
101 0 _arus
102 _aRU
105 _aa zzzz|||||
200 1 _aПсихологическая компетентность руководителя и методы ее формирования
_fЛ. Л. Михайлова
_gФедеральное агентство по образованию, Байкальский гос. ун-т экономики и права
210 _aИркутск
_cИзд-во БГУЭП
_d2010
_eИркутск
_gИПО БГУЭП
215 _a198 с.
_cил.
_d21
320 _aБиблиогр.: с. 169-184 (221 назв.) и в подстроч. прим.
606 1 _aРуководители
_xПсихологические исследования
_92073295
_3RU\NLR\auth\661248184
606 1 _aКомпетентность
_xПсихологические проблемы
_92201158
_3RU\NLR\auth\661322698
610 0 _aПсихология -- Социальная (общественная) психология -- Социально-психологические проблемы управления
610 0 _aкомпетентность руководителя
686 _aЮ959.18,0
_2rubbk
686 _aЮ941.196
686 _aЮ941.1-353
700 1 _4070
_7ca
_8rus
_aМихайлова
_bЛ. Л.
_cспециалист в обл. психологии управления
_gЛюдмила Леонидовна
_973979
_3RU\NLR\auth\7791052
801 0 _aRU
_bРГБ
_c20100531
_grcr
801 1 _aRU
_bРГБ
_c20100531
801 2 _aRU
_bNLR
_c20100702
_grcr
942 _cBOOK
980 _aNB